000 00765nam a2200193 i 4500
001 149830
003 ES-MaACL
005 20250808084338.0
007 t|
008 071024s1923 sp ||||1| spa d
100 1 _aValverde y Valverde, Calixto.
_9113024
245 1 4 _aLos códigos civiles modernos y el derecho nuevo
_b: conferencias pronunciadas en la Universidad Central los días 17, 18 y 19 de abril de este año /
_cpor el Excmo Sr. D. Calixto Valverde y Valverde...
260 _a[Valladolid] :
_b[s.n.],
_c1923 (
_fTalleres Tip. "Cuesta")
300 _a85 p. ;
_c22 cm.
650 0 4 _aDerecho civil-
_zEspaña-
_vLegislación
_911663
710 2 _aUniversidad Central (Madrid)
_97084
852 _aES-MaACL
_j1658-F-8
999 _c149830
_d149830